|
|
|
|
| LEADER |
00000cam a2200000 a 4500 |
| 001 |
vtls010264595 |
| 003 |
SK-MaSNL |
| 005 |
20260302045142.0 |
| 008 |
251120s2011 xo j f000 0 slo |
| 013 |
|
|
|a 287570
|b SK
|c patent
|d 20110304
|e dátum nadobudnutia účinkov patentu (Vestník ÚPV SR č.: 3/2011)
|d 20110216
|e dátum sprístupnenia patentu
|
| 013 |
|
|
|a 656-2003
|e číslo prihlášky
|d 20011129
|e dátum podania prihlášky
|d 20031007
|e dátum zverejnenia prihlášky (Vestník ÚPV SR č.: 10/2003)
|
| 013 |
|
|
|a MI2000A002601
|e číslo prioritnej prihlášky
|d 20001201
|e dátum podania prioritnej prihlášky
|b IT
|e kód krajiny prioritnej prihlášky
|
| 015 |
|
|
|a SNBN2013
|
| 040 |
|
|
|a SNK
|b slo
|c SNK
|e AACR2
|
| 041 |
0 |
|
|a slo
|
| 044 |
|
|
|a xo
|c SK
|
| 072 |
|
7 |
|a 547
|x Organická chémia
|2 konspekt
|
| 080 |
|
|
|a 547.7
|2 2001
|
| 084 |
|
|
|a C07C 237/46
|2 IPC
|
| 084 |
|
|
|a C07C 231/02
|2 IPC
|
| 245 |
0 |
0 |
|a Spôsob prípravy S-N,N'-bis[2-hydroxy-1-(hydroxymetyl)etyl]-5-[(2-hydroxy-1- -oxopropyl)amino]-2,4,6-trijód-1,3-benzéndikarboxamidu a medziprodukty
|c Pier Lucio Anelli, Marino Brocchetta, Giovanna Lux, Enrico Cappelletti ; patent. zást. Mária Fajnorová
|
| 260 |
|
|
|a [Banská Bystrica]
|b Úrad priemyselného vlastníctva SR
|c [2011]
|
| 300 |
|
|
|a 11 s.
|c 30 cm
|
| 650 |
0 |
7 |
|a acyklické zlúčeniny
|2 SVKBBPH
|9 359952
|
| 655 |
|
7 |
|a patenty
|2 SVKBBPH
|9 177343
|
| 655 |
|
7 |
|a patent licenses
|2 SNKPH
|9 468214
|
| 700 |
1 |
|
|a Brocchetta, Marino
|4 org
|9 701844
|
| 700 |
1 |
|
|a Lux, Giovanna
|4 org
|9 701845
|
| 700 |
1 |
|
|a Fajnorová, Mária
|4 oth
|9 328470
|
| 700 |
1 |
|
|a Cappelletti, Enrico
|4 org
|9 701846
|
| 700 |
1 |
|
|a Anelli, Pier Lucio
|4 org
|9 701847
|
| 710 |
2 |
|
|a BRACCO IMAGING S.p.A. (Miláno, Taliansko)
|4 pth
|9 701848
|
| 852 |
|
|
|a Štátna vedecká knižnica v Banskej Bystrici
|
| 999 |
|
|
|c 1092575
|d 1094505
|
| 952 |
|
|
|a SNK
|b SNK
|y PREZ
|7 0
|p 17A1090596
|o snkSK 287570
|i snk2013/23804
|8 0
|0 0
|1 0
|4 0
|d 2013-10-04
|l 0
|r 2026-02-24 17:02:32
|w 2026-02-24
|